| 000 | 00936cab a22002535a 4500 | ||
|---|---|---|---|
| 001 | L144288 | ||
| 008 | 080708e20080705xxka 000 0 eng d | ||
| 035 | _a(Sirsi) u144288 | ||
| 041 | 0 | _aeng | |
| 100 | 1 | _aCattell, Sophie | |
| 245 | 0 | 2 | _aA real headache |
| 260 | _c2008 | ||
| 490 |
_aEstates Gazette _v(826) 5 July 2008, 112-113(2) |
||
| 520 | _aDiscusses the stamp duty land tax (SDLT) treatment of leases that are held over under part II of the Landlord and Tenant Act 1954 - stating that many practicioners still find it to be a complicated area of legislation. Provides case studies for some typical scenarios. | ||
| 590 | _aKA | ||
| 650 | 2 | 4 | _aSTAMP DUTY LAND TAX |
| 650 | 2 | 4 | _aLANDLORD AND TENANT ACT 1954 PART II |
| 650 | 2 | 4 | _aFINANCE ACT 2006 |
| 650 | 2 | 4 | _aBRADSHAW V PAWLEY |
| 651 | 4 |
_aUnited Kingdom _y |
|
| 690 | _aPROPERTY-PROPERTY TAXATION-STAMP DUTY LAND TAX | ||
| 700 | 1 | _aChapper, Jonathan | |
| 942 | _n0 | ||
| 999 |
_c80419 _d80419 |
||